书目信息 |
| 题名: |
营销调研
|
|
| 作者: | 杨汉东 , 邱红彬 主编 | |
| 分册: | ||
| 出版信息: | 武汉 武汉大学出版社 2004.08 |
|
| 页数: | 237页 | |
| 开本: | 21cm | |
| 丛书名: | 21世纪高职高专系列教材 | |
| 单 册: | ||
| 中图分类: | F713.50 | |
| 科图分类: | ||
| 主题词: | 市场--shi chang--调查--高等学校--教材 | |
| 电子资源: | ||
| ISBN: | 7-307-04345-9 | |
| 000 | 01019nam 2200313 450 | |
| 001 | CAL 012004100966 | |
| 005 | 20050616085558.71 | |
| 010 | @a7-307-04345-9@dCNY 11.00 | |
| 099 | @aCAL 012004100966 | |
| 100 | @a20040924d2004 ekmy0chiy0121 ea | |
| 101 | 0 | @achi |
| 102 | @aCN@b420000 | |
| 105 | @aak a 000yy | |
| 200 | 1 | @a营销调研@Aying xiao diao yan@f杨汉东, 邱红彬主编@Fyang han dong,qiu hong bin zhu bian |
| 210 | @a武汉@c武汉大学出版社@d2004.08 | |
| 215 | @a237页@c图@d21cm | |
| 225 | 2 | @a21世纪高职高专系列教材@A21 shi ji gao zhi gao zhuan xi lie jiao cai@i市场营销类 |
| 300 | @a国家级试点专业市场营销示范教材 | |
| 320 | @a有书目 (第236-237页) | |
| 410 | 0 | @12001 @a21世纪高职高专系列教材 |
| 410 | 0 | @12001 @a市场营销类 |
| 606 | 0 | @a市场@Ashi chang@x调查@x高等学校@j教材 |
| 690 | @aF713.50@v4 | |
| 701 | 0 | @a杨汉东@Ayang han dong@4主编 |
| 701 | 0 | @a邱红彬@Aqiu hong bin@4主编 |
| 801 | 0 | @aCN@bWUL@c20050616 |
| 905 | @a10447@dF713.50@eY190 | |
| 906 | @dCNY11.00@n0@r1 | |
| 998 | @aWUL | |
| 营销调研/杨汉东, 邱红彬主编.-武汉:武汉大学出版社,2004.08 |
| 237页:图;21cm.-(21世纪高职高专系列教材.市场营销类) |
| 国家级试点专业市场营销示范教材 |
| ISBN 7-307-04345-9:CNY 11.00 |
| ● |
| 相关链接 |
|
|
|
正题名:营销调研
索取号:F713.50/Y190
 
预约/预借
| 序号 | 登录号 | 条形码 | 馆藏地/架位号 | 状态 | 备注 |
| 1 | 536108 | 205361080 | 社科库409/409社科库 43排7列3层/ [索取号:F713.50/Y190] | 在馆 | |
| 2 | 536109 | 205361099 | 社科库409/409社科库 43排7列3层/ [索取号:F713.50/Y190] | 在馆 | |
| 3 | 536110 | 205361106 | 社科库409/409社科库 43排7列3层/ [索取号:F713.50/Y190] | 在馆 |